New approach to sustainable development (Record no. 67140)

MARC details
000 -LEADER
fixed length control field 01264cam a2200241 4500
001 - CONTROL NUMBER
control field WB3720-12
008 - FIXED-LENGTH DATA ELEMENTS--GENERAL INFORMATION
fixed length control field 000000n2001 000 0 eng u
035 ## - SYSTEM CONTROL NUMBER
System control number (Sirsi) u112761
245 ## - TITLE STATEMENT
Title New approach to sustainable development
260 ## - PUBLICATION, DISTRIBUTION, ETC.
Date of publication, distribution, etc. 2001
490 ## - SERIES STATEMENT
Series statement RICS Press Release
Volume/sequential designation (pr071) 23 May 2001 (2)
520 ## - SUMMARY, ETC.
Summary, etc. RICS research has developed a new tool that will ensure sustainable property development and use. Applicable to all sectors Comprehensive Project Appraisal (CPA) requires developers, planners and project managers to consider financial and economic values, the environment, recreation, safety and security, wider economic and social issues, liveability, public welfare, infrastructure and transport, and the views and differences of stakeholders. Copies of the report, "Comprehensive project appraisal, towards sustainability", are available from the RICS Policy Unit, Tel: +44 (0)20 7222 7000.
590 ## - LOCAL NOTE (RLIN)
Local note WB
650 ## - SUBJECT ADDED ENTRY--TOPICAL TERM
Topical term or geographic name entry element COMPREHENSIVE PROJECT APPRAISAL
650 ## - SUBJECT ADDED ENTRY--TOPICAL TERM
Topical term or geographic name entry element COMPREHENSIVE PROJECT APPRAISAL
650 ## - SUBJECT ADDED ENTRY--TOPICAL TERM
Topical term or geographic name entry element DEVELOPMENT APPRAISAL
650 ## - SUBJECT ADDED ENTRY--TOPICAL TERM
Topical term or geographic name entry element DEVELOPMENT PLANNING
650 ## - SUBJECT ADDED ENTRY--TOPICAL TERM
Topical term or geographic name entry element PROPERTY DEVELOPMENT
650 ## - SUBJECT ADDED ENTRY--TOPICAL TERM
Topical term or geographic name entry element RICS RESEARCH
650 ## - SUBJECT ADDED ENTRY--TOPICAL TERM
Topical term or geographic name entry element SUSTAINABLE DEVELOPMENT
690 ## - LOCAL SUBJECT ADDED ENTRY--TOPICAL TERM (OCLC, RLIN)
Topical term or geographic name as entry element DEVELOPMENT-SUSTAINABLE
942 ## - ADDED ENTRY ELEMENTS (KOHA)
Suppress in OPAC 0
Holdings
Withdrawn status Lost status Source of classification or shelving scheme Damaged status Not for loan Home library Current library Shelving location Date acquired Total Checkouts Full call number Barcode Date last seen Copy number Price effective from Koha item type
    Dewey Decimal Classification     London London News article 24/05/2001   WB3720-12 112761-1001 06/08/2019 1 06/08/2019 News article